000 00466nam a2200169Ia 4500
001 8579
003 GE_BSU
008 181216s||||||||xx |||||||||||||| ||und||
040 _cGE_BSU
245 _aКлиническая медицина.№11.Том 91. №11 2013.
245 _cГл. ред. В.Б.Симоненко.
260 _aМосква
260 _c2013
300 _a80стр.29см.
653 _aКлиническая медицина
942 _cCR
999 _c41895
_d41895